000 00660nam a2200217Ia 4500
005 20250508170041.0
008 008 250505s9999 xx 000 0 eng d
020 _a0 08 043597 1
037 _aTextual
040 _aFEDL
_beng
_cFEDL
041 _aeng
_2eng
084 _a305.5, GAR
_qFEDL
100 _aGardner Howard
245 0 _aDisciplined mind: Beyond facts and standardized tests, the K- 1-12 education that every child deserves
260 _aNew York, USA
_bPenguin Books
_c2000
300 _a296p.
365 _aUSD
_b16
546 _aGifted by prof. Bhartaya Baveja
942 _cTEXL
_h305.5, GAR
999 _c1398938
_d1398938